|
|
|
|
| LEADER |
03940nam a22005775i 4500 |
| 001 |
978-3-319-16330-7 |
| 003 |
DE-He213 |
| 005 |
20151103121749.0 |
| 007 |
cr nn 008mamaa |
| 008 |
150415s2015 gw | s |||| 0|eng d |
| 020 |
|
|
|a 9783319163307
|9 978-3-319-16330-7
|
| 024 |
7 |
|
|a 10.1007/978-3-319-16330-7
|2 doi
|
| 040 |
|
|
|d GrThAP
|
| 050 |
|
4 |
|a TA213-215
|
| 072 |
|
7 |
|a TGBN
|2 bicssc
|
| 072 |
|
7 |
|a TEC046000
|2 bisacsh
|
| 082 |
0 |
4 |
|a 621.8
|2 23
|
| 245 |
1 |
0 |
|a Cyclostationarity: Theory and Methods - II
|h [electronic resource] :
|b Contributions to the 7th Workshop on Cyclostationary Systems And Their Applications, Grodek, Poland, 2014 /
|c edited by Fakher Chaari, Jacek Leskow, Antonio Napolitano, Radoslaw Zimroz, Agnieszka Wylomanska, Anna Dudek.
|
| 264 |
|
1 |
|a Cham :
|b Springer International Publishing :
|b Imprint: Springer,
|c 2015.
|
| 300 |
|
|
|a VIII, 206 p. 93 illus., 16 illus. in color.
|b online resource.
|
| 336 |
|
|
|a text
|b txt
|2 rdacontent
|
| 337 |
|
|
|a computer
|b c
|2 rdamedia
|
| 338 |
|
|
|a online resource
|b cr
|2 rdacarrier
|
| 347 |
|
|
|a text file
|b PDF
|2 rda
|
| 490 |
1 |
|
|a Applied Condition Monitoring,
|x 2363-698X ;
|v 3
|
| 505 |
0 |
|
|a Simulation Study of Performance of MBBin Overall Mean Estimation Problemfor APC Time Series -- Parametric Estimation Problem for a Time‐Periodic Signal in a Periodic Noise -- Damage Assessment of Rolling Element Bearing Using Cyclostationary Processing of AE Signals with Electromagnetic Interference -- The Stochastic Recurrence Structure of Geophysical Phenomena -- Influence of Different Signal Characteristics to PAR Model Stability -- Limiting Distributions For Explosive PAR(1) Timeseries with Strongly Mixing Innovation -- PARMA Models with Applications in R -- Multidimensional Analysis of New Zealand Electricity Prices -- Imputation of Missing Observations for Heavy Tailed Cyclostationary Time Series -- The Dependence Structure for Symmetricα‐Stable CARMA(p,q) Processes.
|
| 520 |
|
|
|a This book reports on the latest advances in the analysis of non-stationary signals, with special emphasis on cyclostationary systems. It includes cutting-edge contributions presented at the 7th Workshop on “Cyclostationary Systems and Their Applications,” which was held in Gródek nad Dunajcem, Poland, in February 2014. The book covers both the theoretical properties of cyclostationary models and processes, including estimation problems for systems exhibiting cyclostationary properties, and several applications of cyclostationary systems, including case studies on gears and bearings, and methods for implementing cyclostationary processes for damage assessment in condition-based maintenance operations. It addresses the needs of students, researchers and professionals in the broad fields of engineering, mathematics and physics, with a special focus on those studying or working with nonstationary and/or cyclostationary processes. .
|
| 650 |
|
0 |
|a Engineering.
|
| 650 |
|
0 |
|a Statistics.
|
| 650 |
|
0 |
|a Vibration.
|
| 650 |
|
0 |
|a Dynamical systems.
|
| 650 |
|
0 |
|a Dynamics.
|
| 650 |
|
0 |
|a Machinery.
|
| 650 |
1 |
4 |
|a Engineering.
|
| 650 |
2 |
4 |
|a Machinery and Machine Elements.
|
| 650 |
2 |
4 |
|a Vibration, Dynamical Systems, Control.
|
| 650 |
2 |
4 |
|a Signal, Image and Speech Processing.
|
| 650 |
2 |
4 |
|a Statistics for Engineering, Physics, Computer Science, Chemistry and Earth Sciences.
|
| 700 |
1 |
|
|a Chaari, Fakher.
|e editor.
|
| 700 |
1 |
|
|a Leskow, Jacek.
|e editor.
|
| 700 |
1 |
|
|a Napolitano, Antonio.
|e editor.
|
| 700 |
1 |
|
|a Zimroz, Radoslaw.
|e editor.
|
| 700 |
1 |
|
|a Wylomanska, Agnieszka.
|e editor.
|
| 700 |
1 |
|
|a Dudek, Anna.
|e editor.
|
| 710 |
2 |
|
|a SpringerLink (Online service)
|
| 773 |
0 |
|
|t Springer eBooks
|
| 776 |
0 |
8 |
|i Printed edition:
|z 9783319163291
|
| 830 |
|
0 |
|a Applied Condition Monitoring,
|x 2363-698X ;
|v 3
|
| 856 |
4 |
0 |
|u http://dx.doi.org/10.1007/978-3-319-16330-7
|z Full Text via HEAL-Link
|
| 912 |
|
|
|a ZDB-2-ENG
|
| 950 |
|
|
|a Engineering (Springer-11647)
|